| 000 | 01690nam0a2200313 4500 | ||
|---|---|---|---|
| 001 | RU\NLR\bibl\581134 | ||
| 005 | 20260409072214.0 | ||
| 010 |
_a5-86894-665-0 _93500 |
||
| 021 |
_aRU _b2004-64677 _93190 |
||
| 035 | _a(NLR Aleph) 000573132 | ||
| 090 |
_a1605234 _c1605234 |
||
| 100 | _a20041207d2004 |||y0rusy50 ca | ||
| 101 | 0 | _arus | |
| 102 | _aRU | ||
| 105 | _ay ||||||||| | ||
| 200 | 1 |
_aАрбитражный процессуальный кодекс Российской Федерации _e(Собр. законодательства Рос. Федерации, 2002, № 30, ст. 3012) _e[Принят Гос. Думой 14 июня 2002 г. _eОдобрен Советом Федерации 10 июля 2002 г. _eПо состоянию на 10 мая 2004 г.] |
|
| 210 |
_aМ. _cОсь-89 _d2004 |
||
| 215 |
_a191, [1] с. _d20 |
||
| 225 | 1 | _aКодекс | |
| 604 |
_171001$aРоссийская Федерация _150011$aАрбитражный процессуальный кодекс$2nlr_sh2$3RU\NLR\AUTH\661262504 _aРоссийская Федерация _tАрбитражный процессуальный кодекс _92086371 _3RU\NLR\AUTH\661262504 |
||
| 606 |
_aАрбитражный процессуальный кодекс _yРоссийская Федерация _3RU\NLR\auth\66973390 _91541619 |
||
| 686 | _aХ629.221-324.9(2Р) | ||
| 740 | 1 |
_aРоссийская Федерация _tЗаконы _iАрбитражный процессуальный кодекс _3RU\NLR\AUTH\880379475 _9425334 |
|
| 801 | 0 |
_aRU _bNLR _c20041207 _gPSBO |
|
| 801 | 1 |
_aRU _bNLR _c20041207 |
|
| 942 | _cBOOK | ||
| 980 | _aNB | ||